| 000 | 00818nam a22001935i 4500 | ||
|---|---|---|---|
| 001 | 165230 | ||
| 003 | ES-MaACL | ||
| 005 | 20230906213106.0 | ||
| 008 | 050818s1892 po | |||||||| ||por d | ||
| 040 |
_aCAM _bspa _cCAM |
||
| 100 | 1 |
_aSerrano, José Antonio. _9132674 |
|
| 245 | 1 | 2 |
_aO ensino da anatomia na Escola Medico-Cirurgica de Lisboa / _cpor J.A. Serrano. |
| 260 |
_aCoimbra : _bImprensa da Universidade, _c1892. |
||
| 300 |
_a25 p. ; _c24 cm. |
||
| 594 | _aPrecede al tit.: Congresso Pedagogico Hispano-Portuguez-Americano, Secção Portugueza. | ||
| 610 | 2 | 4 |
_aEscola Medico-Cirurgica de Lisboa. _9134354 |
| 611 | 2 |
_aCongresso Pedagogico Hispano-Portuguez-Americano. _d1892. _cLisboa.) _9135108 |
|
| 852 |
_aES-MaACL _jT-1120-F-16 _z-- Enc. hol. conservando la cub. original _z-- Enc. en un vol. facticio |
||
| 999 |
_c165230 _d165230 |
||